Statistics for Arctic Monkeys Lyrics - Star Treatment

Click here to take the quiz!

General Stats

  • This quiz has been taken 51 times
  • The average score is 299 of 379

Answer Stats

Lyrics% Correct
I
100%
on
100%
On
100%
The
100%
the
100%
you
100%
You
100%
a
97%
be
97%
me
97%
of
97%
to
97%
just
94%
no
94%
one
94%
Strokes
94%
wanted
94%
an
90%
at
90%
I'm
90%
in
90%
it
90%
It
90%
look
90%
made
90%
make
90%
mess
90%
Now
90%
with
90%
Your
90%
your
90%
as
87%
do
87%
Hitchhiking
87%
It's
87%
it's
87%
Police
87%
suitcase
87%
that
87%
who
87%
And
84%
and
84%
ask
84%
But
84%
deep
84%
half
84%
mates
84%
name
84%
space,
84%
star
84%
any
81%
away
81%
big
81%
call?
81%
down
81%
from
81%
From
81%
gonna
81%
great
81%
is
81%
like
81%
Love
81%
love
81%
Martini
81%
Miles
81%
out
81%
too
81%
treatment
81%
-useful
81%
was
81%
'70s
77%
ain't
77%
bad
77%
boy's
77%
for
77%
found
77%
ghosts
77%
golden
77%
hard
77%
have
77%
highway
77%
Maybe
77%
maybe
77%
monogrammed
77%
shape
77%
So
77%
those
77%
TV
77%
way
77%
we
77%
What
77%
wild
77%
dolls
74%
Easy
74%
get
74%
hot
74%
Hot
74%
how
74%
imaginary
74%
know
74%
little
74%
mean
74%
money
74%
never
74%
place
74%
seen
74%
stream
74%
thought
74%
Two
74%
you've
74%
cheap
71%
could
71%
endless
71%
eyes
71%
Here
71%
mirror
71%
my
71%
oh
71%
Oh,
71%
Runner?
71%
there,
71%
1984,
68%
2019
68%
Back
68%
back
68%
barge
68%
Blade
68%
'cause
68%
day,
68%
Don't
68%
Everybody's
68%
floating
68%
forget
68%
four
68%
"Long
68%
long
68%
nights
68%
rear
68%
should
68%
shows
68%
they
68%
tonight
68%
tonight,
68%
view
68%
week
68%
all
65%
are
65%
been
65%
bottle
65%
came
65%
dark
65%
date?
65%
drive
65%
forever
65%
Hair
65%
haunt
65%
isn't
65%
lap
65%
Let's
65%
-off
65%
seat
65%
alright
61%
baby,
61%
Baby,
61%
cap
61%
days?
61%
drinking
61%
gaze
61%
impressive
61%
light
61%
over,
61%
pull
61%
recognize
61%
then
61%
these
61%
twist
61%
ugly
61%
via
61%
apparition
58%
bandana,
58%
-believe
58%
chic
58%
exactly
58%
getting
58%
Karate
58%
moustache
58%
Rocket
58%
-ship
58%
skyward,
58%
speed
58%
Summer"
58%
took
58%
warp
58%
corner
55%
earth
55%
honeymoon
55%
residency
55%
suite
55%
swig
55%
absolutely
52%
early?
52%
shimmer
52%
weather's
52%
Yeah,
52%
cracks
48%
Elevator
48%
Jukebox
48%
knuckles
48%
up
48%
enough
45%
got
45%
heavy
45%
wall
45%
dance
42%
film
42%
grease
42%
lounge
32%
singer
32%
They've
32%

Score Distribution

Percentile by Number Answered

Percent of People with Each Score

Your Score History

You have not taken this quiz